000 00336 a2200133 4500
000 nam a22 7a 4500
100 _aVikram, Singh
110 _aVikram, Singh
245 _aArtificial Intelligence in Yoga
250 _alatest edition
260 _bFriends publication
_c2025
264 _bFriends publication
_c2025
942 _cBK
999 _c396152
_d396152